00379 2200145 4500001002100000008004100021035002000062245002200082100001900104260002800123300002000151082001800171650003100189990001300220INLIS000000000000617 ind  a0010-0322000617 aSANGKURIANGcIKHA aGIBRAN MAULANA aSURABAYAbCAHAYA AGENCY a24 hlm.c19 cm. a398.395 98 24 aCERITA RAKYAT - JAWA BARAT a102820-1